000 01275cam a22003497a 4500
003 CHAP
005 20220329141917.0
008 980526d1993 ve a r 00110 spa d
010 _a75599
011 _a76571
020 _a0877225310
035 _a86156
040 _cCHAP
082 0 4 _a331.4
_bC4
100 0 0 _aChaney, Elsa M.
_eed.
_921846
245 1 0 _aMuchacha, cachifa, criada, empleada, empregadinha, sirvienta, y... más nada :
_btrabajadoras domésticas en América Latina y El Caribe
_c/ed. por Elsa M. Chaney y Mary García Castro
260 _aCaracas, Venezuela :
_bNueva Sociedad,
_c1993.
300 _a425 p. :
_bilus. ; gráfs. ; cuadros
500 _aBibliografía pp. 394-495
590 _aBATCH-UPD
_b10
_c20130110
_lUCH01
_h0715
590 _aBATCH-UPD
_b10
_c20130110
_lUCH01
_h2338
590 _aBATCH-UPD
_b10
_c20130410
_lUCH01
_h0400
590 _aBATCH-UPD
_b10
_c20130914
_lUCH01
_h1527
590 _aCONVERSION
_b10
_c20130109
_lUCH01
_h1341
650 1 4 _aMujer
_xSituación social
_zColima.
_979337
650 1 4 _aTrabajo de la mujer.
_9114490
700 0 _aGarcía Castro, Mary
_eed.
_945845
901 _aBK
905 _aAlejandra Carrasco M.
942 _cLIBRO
949 _a331.4 C4
_bBC
_cLIBRO
_d33724000691671
_eLIBRO
_h93307
_i86156
_kDonaciØn
_si
999 _c75599
_d75599